| 000 | 00346cam a22001337a 4500 | ||
|---|---|---|---|
| 008 | 180718b1939 xxu||||| |||| 00| 0 eng d | ||
| 082 | _aA72x54 F746 | ||
| 100 | _aForbes, Rosita | ||
| 245 |
_aIndia of the princes _cby Rosita Forbes |
||
| 260 |
_aLondon _bThe Right Bk. Club _c1939 |
||
| 300 | _a319p. | ||
| 500 | _aRs.10.00 | ||
| 650 | _aIndia Desc | ||
| 999 |
_c365502 _d365502 |
||